000 00469nam a2200193Ia 4500
005 20240823022153.0
008 240823s9999||||xx |||||||||||||| ||und||
020 _a81 83710 68 9
041 _aENGLISH
082 _A621.382 P7
100 _aSairam M V S
245 0 _aPrinciples of Communications
250 _a1st
260 _c2007
_bScitech Ch
_aChennai
500 _aYES
650 _aElectronic Communication
_bElectronics
942 _cBK
999 _c178523
_d178523